Länderumrisse offenbaren Länderumrisse #1 - Statistiken

Allgemein
  • Dieses Quiz wurde 5.233 mal gespielt
  • Das Durchschnittsergebnis liegt bei 18 aus 21
Antworten auf der Karte
Die Antworten werden auf der Karte rot bzw. grün angezeigt, abhängig davon wie oft sie richtig erraten wurden.
 
Antwortstatistiken
Antwort % Korrekt
Vereinigte Staaten von Amerika
99%
Australien
97%
Frankreich
96%
Vereinigtes Königreich
95%
Indien
94%
Japan
94%
Kanada
92%
Ägypten
91%
Indonesien
91%
Russland
91%
Zypern
91%
Griechenland
89%
China
88%
Brasilien
85%
Südafrika
85%
Kroatien
83%
Madagaskar
79%
Somalia
78%
Neuseeland
77%
Sri Lanka
72%
Senegal
66%
Keine übereinstimmenden Quizze gefunden
Verteilung der Resultate
Anzahl Personen mit jedem Resultat
Perzentil nach korrekt beantworteten Fragen
Ihre Resultats-Entwicklung
Sie haben dieses Quiz noch nicht gespielt